000 01399nam a2200241Ia 4500
999 _c38186
_d38186
001 4176
003 GE_BSU
005 20190917151729.0
008 181216s1964||||ge |||||||||||||| ||geo||
040 _cGE_BSU
041 _ageo
080 _a398(479.22)+821.353.1 უ–43
100 _aუმიკაშვილი, პეტრე
_94061
245 _aხალხური სიტყვიერება ოთხ ტომად :
_bტ. 3 : პროზა: ჯადოსნური ზღაპრები, ცხოველთა ზღაპრები /
_cშემდგ.: მ. ჩიქოვანი და ვარლამ მაცაბერიძე ; წინასიტყვ., შენიშვნები და რედ. მ. ჩიქოვანისა
250 _aმე–2 გამოცემა
264 _aთბილისი :
_bლიტერატურა და ხელოვნება,
_c1964.
300 _a298 გვ.;
_b20 სმ.
653 _aპროზა
653 _aჯადოსნური ზღაპრები
700 _aჩიქოვანი, მ.
_eრედაქტორი
_93977
710 _a საქ. სსრ მეცნ. აკად., შ. რუსთაველის სახ.
_bქართული ლიტერატურის ინ-ტი.
_94063
942 _cBK
_2udc